| 000 | 01034cab a22001935a 4500 | ||
|---|---|---|---|
| 001 | L156516 | ||
| 008 | 120530s2012 xxk 000 0 eng d | ||
| 035 | _a(Sirsi) u156516 | ||
| 041 | 0 | _aeng | |
| 100 | 1 | _aPatterson, Alan S. | |
| 245 | 0 | 4 | _aThe state of the market |
| 260 | _c2012 | ||
| 490 | 0 |
_aSustainablebuilding inc Propertyforecast _v(65) May 2012, 14-17(4) |
|
| 520 | _aDiscusses what can be expected from the property equities market. The largest differences between quoted property equities and the direct property market are not in the investments themselves but in the markets in which they are traded. Examines markets at both the pan-European and country-specific levels. The UK displays the widest gap between property and property equity markets in Europe. There is some evidence of divergence between property indices and property equities markets. Figures cover European all property v relative real estate equities. | ||
| 590 | _aKA | ||
| 651 | 4 | _aEurope | |
| 690 |
_aCommercial property _96227 |
||
| 942 | _n0 | ||
| 999 |
_c84048 _d84048 |
||